Grand Theft Auto V - Statistics

General Stats
  • This quiz has been taken 51 times
  • The average score is 4 of 15
Answer Stats
Hint Answer % Correct
Protagonist #2 Michael DeSanta
96%
Protagonist #3 Trevor Phillips
90%
Protagonist #1 Franklin Clinton
84%
First Mission Prologue
55%
Who explodes from a phone call Jay Norris
37%
Who does Michael meet in LifeinVader Rickie Lukens
16%
Who does Trevor light on fire in their House The O’Neil Brothers
16%
Who worked with Niko Belic in Vice City Packie McReary
12%
Who abducted Lamar The Vagos
6%
The tennis coaches real name Kyle Chavis
4%
Where does Simeon Yeterian work Premium Deluxe Motorsports
4%
What girl do you save in La Puerta from a fire Taliana Martinez
4%
Who has girls in a booth at the club Wade Hebert
4%
Who did Amanda cheat on Michael with? Fabien LaRouche
2%
Who is Tonya Wiggin’s boyfriend JB Wiggins
2%
No matching quizzes found
Score Distribution
Percent of People with Each Score
Percentile by Number Answered
Your Score History
You have not taken this quiz